[Event "Titled Tuesday 2024.09.17 Late"]
[Site "chess.com INT"]
[Date "2024.09.17"]
[Round "1"]
[White "Le Quang Long"]
[Black "Bambino Filho, A."]
[Result "1-0"]
[WhiteElo "2380"]
[BlackElo "2168"]
[PlyCount "47"]
[GameId "2130307536693543"]
[EventDate "2024.09.17"]
[EventType "swiss (blitz)"]
[EventRounds "11"]
[EventCountry "NET"]
[SourceTitle "The Week in Chess 1559"]
[Source "Mark Crowther"]
[SourceDate "2024.09.23"]
[SourceVersion "1"]
[SourceVersionDate "2024.09.23"]
[SourceQuality "2"]

1. Nf3 c5 2. g3 Nc6 3. c4 g6 4. Bg2 Bg7 5. Nc3 e5 6. O-O Nge7 7. a3 O-O 8. Rb1 d6 9. b4 Rb8 10. d3 h6 11. Ne1 Be6 12. Nc2 cxb4 13. axb4 d5 14. b5 Nd4 15. cxd5 Nxd5 16. Nxd5 Bxd5 17. Nxd4 exd4 18. Bxd5 Qxd5 19. Qa4 Rfe8 20. Re1 Bf8 21. Qxa7 Ra8 22. Qb6 Bb4 23. Rxb4 Ra2 24. Bb2 1-0

[Event "Titled Tuesday 2024.09.17 Late"]
[Site "chess.com INT"]
[Date "2024.09.17"]
[Round "2"]
[White "Mikhalsky, Vladimir"]
[Black "Le Quang Long"]
[Result "0-1"]
[WhiteElo "2219"]
[BlackElo "2380"]
[PlyCount "86"]
[GameId "2130307536693624"]
[EventDate "2024.09.17"]
[EventType "swiss (blitz)"]
[EventRounds "11"]
[EventCountry "NET"]
[SourceTitle "The Week in Chess 1559"]
[Source "Mark Crowther"]
[SourceDate "2024.09.23"]
[SourceVersion "1"]
[SourceVersionDate "2024.09.23"]
[SourceQuality "2"]

1. d4 Nf6 2. c4 e6 3. g3 c5 4. d5 exd5 5. cxd5 d6 6. Nc3 g6 7. Bg2 Bg7 8. Nf3 O-O 9. O-O Qe7 10. a4 Na6 11. Nd2 Nd7 12. e4 Nb4 13. a5 Ne5 14. f4 Bg4 15. Qb3 Ned3 16. h3 Bd4+ 17. Kh2 Bd7 18. Nc4 Nxc1 19. Raxc1 Rab8 20. Rce1 b5 21. axb6 axb6 22. e5 dxe5 23. fxe5 b5 24. Na5 c4 25. Qd1 Bxe5 26. Nc6 Bxc6 27. dxc6 Qc7 28. Qf3 Bxc3 29. bxc3 Nd3 30. Rb1 h5 31. Qd5 h4 32. Rf3 Rfd8 33. Qe4 hxg3+ 34. Rxg3 Re8 35. Qf3 Re5 36. Kh1 Rf5 37. Qe3 Re5 38. Qf3 Rbe8 39. h4 Rf5 40. Qxf5 Qxg3 41. Qh3 Nf2+ 42. Kg1 Nxh3+ 43. Kh1 Nf4 0-1

[Event "Titled Tuesday 2024.09.17 Late"]
[Site "chess.com INT"]
[Date "2024.09.17"]
[Round "3"]
[White "Rustemov, A."]
[Black "Le Quang Long"]
[Result "0-1"]
[WhiteElo "2525"]
[BlackElo "2380"]
[PlyCount "132"]
[GameId "2130307536697792"]
[EventDate "2024.09.17"]
[EventType "swiss (blitz)"]
[EventRounds "11"]
[EventCountry "NET"]
[SourceTitle "The Week in Chess 1559"]
[Source "Mark Crowther"]
[SourceDate "2024.09.23"]
[SourceVersion "1"]
[SourceVersionDate "2024.09.23"]
[SourceQuality "2"]

1. d4 Nf6 2. c4 e6 3. Nf3 c5 4. d5 exd5 5. cxd5 d6 6. Nc3 g6 7. h3 Bg7 8. e4 O-O 9. Bd3 b5 10. Bxb5 Nxe4 11. Nxe4 Qa5+ 12. Nfd2 Qxb5 13. Nxd6 Qa6 14. N2c4 Nd7 15. O-O Ne5 16. Nxe5 Bxe5 17. Nxc8 Rfxc8 18. Re1 Qf6 19. Rb1 Rd8 20. Be3 Bd4 21. Bxd4 Qxd4 22. Qf3 Rd7 23. Red1 Qa4 24. a3 Rb8 25. Rd2 Rb3 26. Qf6 Qe4 27. Rbd1 Rb6 28. d6 c4 29. f3 Qe3+ 30. Kh1 Rc6 31. Rd5 Qe2 32. R1d2 Qe1+ 33. Kh2 Qe6 34. Qxe6 fxe6 35. R5d4 c3 36. bxc3 Rxc3 37. Ra4 Kf7 38. Ra6 e5 39. Re2 Kf6 40. Ra5 Rxd6 41. Rxa7 h5 42. a4 Ra3 43. Ra5 Re6 44. Re4 g5 45. h4 gxh4 46. Rxh4 Kg5 47. Re4 Kf6 48. Kg3 Ra2 49. Ra8 Re7 50. Ra6+ Kf5 51. Kh3 Rg7 52. Ra5 Rgxg2 53. Raxe5+ Kf6 54. Re6+ Kf5 55. R6e5+ Kf6 56. Kh4 Rg1 57. Re6+ Kf5 58. R6e5+ Kf6 59. Re2 Rxa4+ 60. Kh3 Ra3 61. Re6+ Kf5 62. R2e5+ Kf4 63. Re4+ Kxf3 64. Kh4 Ra5 65. R4e5 Kf4 66. Rxa5 Rh1# 0-1

[Event "Titled Tuesday 2024.09.17 Late"]
[Site "chess.com INT"]
[Date "2024.09.17"]
[Round "4"]
[White "Le Quang Long"]
[Black "Aravindh, Chithambaram VR."]
[Result "0-1"]
[WhiteElo "2380"]
[BlackElo "2698"]
[PlyCount "102"]
[GameId "2130307536701931"]
[EventDate "2024.09.17"]
[EventType "swiss (blitz)"]
[EventRounds "11"]
[EventCountry "NET"]
[SourceTitle "The Week in Chess 1559"]
[Source "Mark Crowther"]
[SourceDate "2024.09.23"]
[SourceVersion "1"]
[SourceVersionDate "2024.09.23"]
[SourceQuality "2"]

1. Nf3 Nf6 2. c4 g6 3. g3 Bg7 4. Bg2 O-O 5. O-O c5 6. Nc3 d6 7. d4 Nc6 8. dxc5 dxc5 9. Bf4 Nd4 10. Be5 Nh5 11. Bxg7 Nxg7 12. e3 Nc6 13. Ne4 Qb6 14. Qb3 Be6 15. Qb5 Na5 16. b3 Rac8 17. Nfg5 Bf5 18. Nc3 Qxb5 19. Nxb5 Nc6 20. Rfd1 f6 21. Ne4 b6 22. Nec3 a6 23. Na3 Nb4 24. Rd2 Rfd8 25. Rad1 Rxd2 26. Rxd2 Ne8 27. Nd5 Nxd5 28. Bxd5+ Kf8 29. Bb7 Rb8 30. Bf3 Nd6 31. Kg2 g5 32. h3 Ke8 33. Nc2 b5 34. Na3 Rb6 35. g4 Bg6 36. Bd5 e6 37. Bf3 Ke7 38. Kg3 Nf7 39. Kg2 Ne5 40. Kg3 b4 41. Nc2 Rd6 42. Rxd6 Kxd6 43. Be2 Bxc2 44. f4 Nd3 45. Kf3 Nc1 46. Bf1 Nxa2 47. Ke2 Nc3+ 48. Kd2 Bxb3 49. Bd3 h6 50. Kc1 a5 51. Kd2 a4 0-1

[Event "Titled Tuesday 2024.09.17 Late"]
[Site "chess.com INT"]
[Date "2024.09.17"]
[Round "5"]
[White "Paravyan, D."]
[Black "Le Quang Long"]
[Result "1-0"]
[WhiteElo "2620"]
[BlackElo "2380"]
[PlyCount "109"]
[GameId "2130307536706099"]
[EventDate "2024.09.17"]
[EventType "swiss (blitz)"]
[EventRounds "11"]
[EventCountry "NET"]
[SourceTitle "The Week in Chess 1559"]
[Source "Mark Crowther"]
[SourceDate "2024.09.23"]
[SourceVersion "1"]
[SourceVersionDate "2024.09.23"]
[SourceQuality "2"]

1. e4 c6 2. Nf3 d5 3. Nc3 Bg4 4. Be2 Bxf3 5. Bxf3 e6 6. d4 Nf6 7. O-O Be7 8. Re1 O-O 9. a3 a6 10. Bf4 b5 11. Qd3 Ra7 12. h3 Qb6 13. a4 b4 14. a5 Qb7 15. e5 Nfd7 16. Na4 c5 17. c4 bxc3 18. bxc3 Qb5 19. Qxb5 axb5 20. Nxc5 Nxc5 21. dxc5 Nc6 22. Reb1 Rb8 23. a6 Bxc5 24. Be2 b4 25. cxb4 Nxb4 26. Rc1 Be7 27. Be3 Raa8 28. a7 Rd8 29. Rc7 Kf8 30. Rxe7 Kxe7 31. Bc5+ Kd7 32. Bxb4 Kc6 33. Bd6 Rd7 34. Bb8 Rb7 35. Rc1+ Kd7 36. g3 Raxb8 37. axb8=Q Rxb8 38. f4 Rb3 39. Kf2 f6 40. Ra1 fxe5 41. fxe5 Rb7 42. Ke3 Ke7 43. Bd3 Rc7 44. Bxh7 Rb7 45. Bd3 Rc7 46. h4 Kf7 47. h5 Rb7 48. g4 Rb4 49. g5 Rh4 50. Ra7+ Kf8 51. Ra8+ Ke7 52. Bg6 Rg4 53. Ra7+ Kf8 54. Rf7+ Kg8 55. Re7 1-0

[Event "Titled Tuesday 2024.09.17 Late"]
[Site "chess.com INT"]
[Date "2024.09.17"]
[Round "6"]
[White "Le Quang Long"]
[Black "Kaplan, Avi Harrison"]
[Result "1-0"]
[WhiteElo "2380"]
[BlackElo "2328"]
[PlyCount "77"]
[GameId "2130307536706137"]
[EventDate "2024.09.17"]
[EventType "swiss (blitz)"]
[EventRounds "11"]
[EventCountry "NET"]
[SourceTitle "The Week in Chess 1559"]
[Source "Mark Crowther"]
[SourceDate "2024.09.23"]
[SourceVersion "1"]
[SourceVersionDate "2024.09.23"]
[SourceQuality "2"]

1. d4 g6 2. Nf3 Bg7 3. g3 c5 4. c4 Nf6 5. Bg2 O-O 6. O-O d6 7. Nc3 Nc6 8. dxc5 dxc5 9. Bf4 Bf5 10. Qb3 Na5 11. Qb5 Rc8 12. Rfd1 Bd7 13. Rxd7 Nxd7 14. Rd1 Rc6 15. Ng5 e5 16. Be3 a6 17. Qa4 h6 18. Nge4 f5 19. Nd6 Nb6 20. Qxa5 Rxd6 21. Rxd6 Qxd6 22. Bxc5 Nxc4 23. Qb4 Qc7 24. Bd5+ Kh7 25. Bxf8 Nd2 26. Bxg7 Kxg7 27. f4 b5 28. fxe5 Qxe5 29. Qf4 Qf6 30. Qxd2 g5 31. e3 Kg6 32. Qd4 Qe7 33. e4 f4 34. e5 Kh5 35. Bf3+ g4 36. Be4 f3 37. h3 Qf7 38. hxg4+ Kg5 39. Bf5 1-0

[Event "Titled Tuesday 2024.09.17 Late"]
[Site "chess.com INT"]
[Date "2024.09.17"]
[Round "7"]
[White "Vaganian, R."]
[Black "Le Quang Long"]
[Result "0-1"]
[WhiteElo "2449"]
[BlackElo "2380"]
[PlyCount "44"]
[GameId "2130307536710307"]
[EventDate "2024.09.17"]
[EventType "swiss (blitz)"]
[EventRounds "11"]
[EventCountry "NET"]
[SourceTitle "The Week in Chess 1559"]
[Source "Mark Crowther"]
[SourceDate "2024.09.23"]
[SourceVersion "1"]
[SourceVersionDate "2024.09.23"]
[SourceQuality "2"]

1. d4 Nf6 2. c4 e6 3. Nf3 c5 4. e3 cxd4 5. exd4 Bb4+ 6. Bd2 Bxd2+ 7. Qxd2 d5 8. Nc3 O-O 9. c5 b6 10. cxb6 Qxb6 11. Bd3 Ba6 12. b3 Bxd3 13. Qxd3 Qa6 14. Qxa6 Nxa6 15. Rc1 Rfc8 16. Ke2 Nb4 17. a3 Nc6 18. Na4 g5 19. h3 h5 20. Rhd1 g4 21. hxg4 hxg4 22. Ne1 Nxd4+ 0-1

[Event "Titled Tuesday 2024.09.17 Late"]
[Site "chess.com INT"]
[Date "2024.09.17"]
[Round "8"]
[White "Grigoriants, S RUS"]
[Black "Le Quang Long"]
[Result "1-0"]
[WhiteElo "2533"]
[BlackElo "2380"]
[PlyCount "87"]
[GameId "2130307536710321"]
[EventDate "2024.09.17"]
[EventType "swiss (blitz)"]
[EventRounds "11"]
[EventCountry "NET"]
[SourceTitle "The Week in Chess 1559"]
[Source "Mark Crowther"]
[SourceDate "2024.09.23"]
[SourceVersion "1"]
[SourceVersionDate "2024.09.23"]
[SourceQuality "2"]

1. d4 Nf6 2. c4 e6 3. Nf3 c5 4. d5 exd5 5. cxd5 d6 6. Nc3 g6 7. Bf4 Bg7 8. e3 O-O 9. h3 a6 10. a4 Nh5 11. Bh2 f5 12. Be2 f4 13. O-O Qe7 14. e4 Nf6 15. e5 dxe5 16. d6 Qe8 17. Bc4+ Kh8 18. Re1 Nc6 19. Bxf4 Nh5 20. Bg5 h6 21. Be7 Nxe7 22. Nxe5 Kh7 23. dxe7 Qxe7 24. Nxg6 Qg5 25. Nxf8+ Bxf8 26. Qd5 Nf4 27. Qxg5 hxg5 28. Re8 Kg7 29. Rd1 b5 30. Rdd8 bxc4 31. Rxc8 Rxc8 32. Rxc8 Nd3 33. Rb8 Bd6 34. Rb7+ Kf8 35. Kf1 Be5 36. Ke2 Bd4 37. Nd1 Ke8 38. Kd2 a5 39. Rb5 Nf4 40. Rxa5 Nxg2 41. Rb5 Kd7 42. a5 Kc6 43. a6 Kc7 44. a7 1-0

[Event "Titled Tuesday 2024.09.17 Late"]
[Site "chess.com INT"]
[Date "2024.09.17"]
[Round "9"]
[White "Le Quang Long"]
[Black "Matlak, Oleksandr"]
[Result "0-1"]
[WhiteElo "2380"]
[BlackElo "2235"]
[PlyCount "108"]
[GameId "2130307536714480"]
[EventDate "2024.09.17"]
[EventType "swiss (blitz)"]
[EventRounds "11"]
[EventCountry "NET"]
[SourceTitle "The Week in Chess 1559"]
[Source "Mark Crowther"]
[SourceDate "2024.09.23"]
[SourceVersion "1"]
[SourceVersionDate "2024.09.23"]
[SourceQuality "2"]

1. Nf3 Nf6 2. d4 c5 3. e3 b6 4. Bd3 g6 5. O-O Bg7 6. c4 O-O 7. d5 d6 8. Nc3 e6 9. h3 exd5 10. cxd5 Ba6 11. Bxa6 Nxa6 12. Qe2 Nc7 13. e4 Re8 14. Qd3 b5 15. Nxb5 Nxb5 16. Qxb5 Nxe4 17. Re1 Rb8 18. Qa4 Rb4 19. Qxa7 Bxb2 20. Bxb2 Rxb2 21. Rab1 Rxb1 22. Rxb1 Qf6 23. Re1 Re7 24. Qb8+ Kg7 25. Qd8 c4 26. a4 c3 27. a5 c2 28. a6 Ra7 29. Qb6 Qc3 30. Rc1 Qc7 31. Qb2+ Qc3 32. Qb6 Qc5 33. Qxc5 Nxc5 34. Rxc2 Rxa6 35. Nd4 Ra1+ 36. Kh2 Rd1 37. Rc4 Rd2 38. f3 Nd3 39. Kg1 Nf4 40. g3 Rxd4 41. Rxd4 Ne2+ 42. Kf2 Nxd4 43. g4 Kf6 44. Ke3 Nb5 45. Ke4 Nc7 46. Kd4 Kg5 47. Ke4 Kh4 48. f4 Kxh3 49. Kf3 Nxd5 50. f5 Nf6 51. Kf4 Nxg4 52. Kg5 gxf5 53. Kxf5 h5 54. Kf4 h4 0-1

[Event "PNWCC Artist Point"]
[Site "Bellevue, WA USA"]
[Date "2024.08.29"]
[Round "1"]
[White "Le Quang Long"]
[Black "Nagy, Ga1"]
[Result "1/2-1/2"]
[WhiteElo "2380"]
[BlackElo "2449"]
[PlyCount "40"]
[GameId "2130307537670290"]
[EventDate "2024.08.29"]
[EventType "tourn"]
[EventRounds "9"]
[EventCountry "USA"]
[EventCategory "1"]
[SourceTitle "The Week in Chess 1558"]
[Source "Mark Crowther"]
[SourceDate "2024.09.16"]
[SourceVersion "1"]
[SourceVersionDate "2024.09.16"]
[SourceQuality "2"]

1. c4 c5 2. g3 g6 3. Bg2 Bg7 4. Nc3 Nc6 5. Nh3 e6 6. O-O Nge7 7. Nf4 d6 8. a3 O-O 9. Rb1 b6 10. b4 Bb7 11. Bb2 Qd7 12. d3 Rfd8 13. Ba1 Rab8 14. e4 Nd4 15. b5 a6 16. a4 axb5 17. axb5 Ra8 18. Bb2 Qc7 19. h4 h6 20. Re1 Kh7 1/2-1/2

[Event "PNWCC Artist Point"]
[Site "Bellevue, WA USA"]
[Date "2024.08.30"]
[Round "2"]
[White "Lee, Megan"]
[Black "Le Quang Long"]
[Result "1/2-1/2"]
[WhiteElo "2253"]
[BlackElo "2380"]
[PlyCount "87"]
[GameId "2130307537670293"]
[EventDate "2024.08.29"]
[EventType "tourn"]
[EventRounds "9"]
[EventCountry "USA"]
[EventCategory "1"]
[SourceTitle "The Week in Chess 1558"]
[Source "Mark Crowther"]
[SourceDate "2024.09.16"]
[SourceVersion "1"]
[SourceVersionDate "2024.09.16"]
[SourceQuality "2"]

1. e4 c5 2. Nf3 Nc6 3. d4 cxd4 4. Nxd4 e5 5. Nb5 d6 6. c4 g6 7. Bd3 Be6 8. O-O a6 9. N5c3 Bg7 10. Nd5 Nf6 11. Nbc3 Bxd5 12. exd5 Nd4 13. Be3 O-O 14. Qd2 Re8 15. Rae1 Qc7 16. b3 Rac8 17. Ne2 Nxe2+ 18. Rxe2 e4 19. Bb1 Ng4 20. Bf4 f5 21. h3 Ne5 22. f3 exf3 23. gxf3 Qe7 24. Kg2 Qh4 25. Bg3 Qh5 26. Qb4 Nf7 27. Qe1 Rxe2+ 28. Qxe2 Be5 29. Qe3 Bxg3 30. Kxg3 Qg5+ 31. Qxg5 Nxg5 32. Re1 Kf8 33. h4 Nf7 34. h5 a5 35. hxg6 hxg6 36. Re6 Kg7 37. Re7 Rb8 38. Kf4 b5 39. cxb5 Rxb5 40. Bd3 Rb4+ 41. Bc4 Kf6 42. Re6+ Kg7 43. Re7 Kf6 44. Re6+ 1/2-1/2

[Event "PNWCC Artist Point"]
[Site "Bellevue, WA USA"]
[Date "2024.08.30"]
[Round "3"]
[White "Le Quang Long"]
[Black "Pham Bich Ngoc"]
[Result "1/2-1/2"]
[WhiteElo "2380"]
[BlackElo "2199"]
[PlyCount "41"]
[GameId "2130307537670296"]
[EventDate "2024.08.29"]
[EventType "tourn"]
[EventRounds "9"]
[EventCountry "USA"]
[EventCategory "1"]
[SourceTitle "The Week in Chess 1558"]
[Source "Mark Crowther"]
[SourceDate "2024.09.16"]
[SourceVersion "1"]
[SourceVersionDate "2024.09.16"]
[SourceQuality "2"]

1. g3 c5 2. Bg2 Nc6 3. Nf3 g6 4. O-O Bg7 5. c4 Nf6 6. Nc3 O-O 7. d3 d6 8. e4 Rb8 9. h3 b6 10. Be3 Bb7 11. Qd2 Re8 12. d4 e5 13. d5 Nd4 14. b3 Qd7 15. Qd1 b5 16. cxb5 Nxb5 17. Nxb5 Qxb5 18. Nd2 Ba6 19. Re1 Qa5 20. Qc2 Nd7 21. a3 1/2-1/2

[Event "PNWCC Artist Point"]
[Site "Bellevue, WA USA"]
[Date "2024.08.31"]
[Round "4"]
[White "Yang, Alexander"]
[Black "Le Quang Long"]
[Result "0-1"]
[WhiteElo "2060"]
[BlackElo "2380"]
[PlyCount "82"]
[GameId "2130307537670301"]
[EventDate "2024.08.29"]
[EventType "tourn"]
[EventRounds "9"]
[EventCountry "USA"]
[EventCategory "1"]
[SourceTitle "The Week in Chess 1558"]
[Source "Mark Crowther"]
[SourceDate "2024.09.16"]
[SourceVersion "1"]
[SourceVersionDate "2024.09.16"]
[SourceQuality "2"]

1. Nf3 Nf6 2. c4 e6 3. g3 d5 4. d4 Bb4+ 5. Bd2 Be7 6. Bg2 O-O 7. Qc2 Nbd7 8. Nc3 dxc4 9. Rd1 c5 10. Bg5 h6 11. Bxf6 Nxf6 12. O-O Qa5 13. Ne5 cxd4 14. Nxc4 Qc5 15. Na4 Qc7 16. Rxd4 Rb8 17. Ne3 Qxc2 18. Nxc2 b5 19. Nc3 b4 20. Ne4 Nd5 21. Nd2 Bf6 22. Rd3 Ba6 23. Rb3 Rfc8 24. Ne3 Nxe3 25. Rxe3 Rc2 26. Ne4 Bd4 27. Rb3 Bxe2 28. Re1 Bc4 29. Rf3 Bxa2 30. Rd1 e5 31. b3 Rbc8 32. Rfd3 Rc1 33. Bh3 R8c7 34. Bf5 a5 35. Kg2 Rxd1 36. Rxd1 Bxb3 37. Rd2 Kf8 38. Nd6 Bd5+ 39. f3 g6 40. Bc2 b3 41. Bb1 Rc3 0-1

[Event "PNWCC Artist Point"]
[Site "Bellevue, WA USA"]
[Date "2024.08.31"]
[Round "5"]
[White "Le Quang Long"]
[Black "Willy, Stephen"]
[Result "1-0"]
[WhiteElo "2380"]
[BlackElo "2320"]
[PlyCount "97"]
[GameId "2130307537670302"]
[EventDate "2024.08.29"]
[EventType "tourn"]
[EventRounds "9"]
[EventCountry "USA"]
[EventCategory "1"]
[SourceTitle "The Week in Chess 1558"]
[Source "Mark Crowther"]
[SourceDate "2024.09.16"]
[SourceVersion "1"]
[SourceVersionDate "2024.09.16"]
[SourceQuality "2"]

1. Nf3 c5 2. c4 Nc6 3. g3 g6 4. Bg2 Bg7 5. Nc3 e5 6. d3 h6 7. a3 d6 8. Rb1 a5 9. Bd2 Nge7 10. O-O f5 11. Ne1 g5 12. Nc2 O-O 13. b4 axb4 14. axb4 cxb4 15. Nd5 b3 16. Rxb3 Nxd5 17. Bxd5+ Kh8 18. Bg2 e4 19. Bc3 Ne5 20. Qb1 exd3 21. exd3 f4 22. Bxe5 dxe5 23. Be4 Qd7 24. Qd1 Qh3 25. Bg2 Qf5 26. Be4 Qh3 27. Bg2 Qf5 28. g4 Qxg4 29. Qxg4 Bxg4 30. Bxb7 Ra2 31. Nb4 Rd2 32. Be4 Rb8 33. Rbb1 Bf8 34. Na6 Rxb1 35. Rxb1 Bh3 36. Bg2 Bf5 37. Be4 Bxe4 38. dxe4 f3 39. h3 Rd6 40. Nc5 Rc6 41. Nd7 Rxc4 42. Nxf8 Rxe4 43. Kh2 Re2 44. Kg3 e4 45. Rb7 h5 46. Nh7 h4+ 47. Kg4 Kg8 48. Nf6+ Kf8 49. Kf5 1-0

[Event "PNWCC Artist Point"]
[Site "Bellevue, WA USA"]
[Date "2024.09.01"]
[Round "6"]
[White "Lu, Yiding"]
[Black "Le Quang Long"]
[Result "1/2-1/2"]
[WhiteElo "2098"]
[BlackElo "2380"]
[PlyCount "140"]
[GameId "2130307537670305"]
[EventDate "2024.08.29"]
[EventType "tourn"]
[EventRounds "9"]
[EventCountry "USA"]
[EventCategory "1"]
[SourceTitle "The Week in Chess 1558"]
[Source "Mark Crowther"]
[SourceDate "2024.09.16"]
[SourceVersion "1"]
[SourceVersionDate "2024.09.16"]
[SourceQuality "2"]

1. e4 c5 2. Nf3 Nc6 3. d4 cxd4 4. Nxd4 e5 5. Nb5 d6 6. N1c3 a6 7. Na3 Be6 8. Nc4 Rb8 9. Nd5 Bxd5 10. exd5 Nce7 11. a4 Nf6 12. g4 h6 13. h4 Rc8 14. Bd2 Nfxd5 15. Rh3 Rc5 16. Rb3 Nc6 17. Rxb7 Qc8 18. b4 Ndxb4 19. Bxb4 Rxc4 20. Bxc4 Qxb7 21. Bc3 Nb4 22. Qe2 Be7 23. O-O-O O-O 24. f4 Rc8 25. g5 Qc6 26. Bxf7+ Kxf7 27. Bxb4 Qxa4 28. Qe4 Qa1+ 29. Kd2 Qd4+ 30. Qxd4 exd4 31. Kd3 hxg5 32. hxg5 Rc6 33. Re1 Bd8 34. Kxd4 Rxc2 35. Bxd6 Rd2+ 36. Kc5 a5 37. Ra1 Ke6 38. Bf8 g6 39. Ra4 Bc7 40. Kc6 Rc2+ 41. Kb7 Kf5 42. Be7 Kg4 43. Bf6 Kf5 44. Be7 Bxf4 45. Rxa5+ Kg4 46. Bf6 Kh5 47. Rd5 Rg2 48. Kc6 Bxg5 49. Kc5 Kh4 50. Be5 Be3+ 51. Kc4 Kg4 52. Rd3 Kf3 53. Kd5 g5 54. Ke6 Ke4 55. Ra3 Rd2 56. Ra4+ Kf3 57. Kf5 Rd5 58. Ke6 Rb5 59. Ra3 Rb4 60. Kf5 g4 61. Rc3 Ra4 62. Rb3 Ra5 63. Ke6 Ra8 64. Kf5 Rf8+ 65. Ke6 Ke2 66. Rb4 Kf3 67. Rb3 Re8+ 68. Kf5 g3 69. Rxe3+ Kxe3 70. Bxg3 Re5+ 1/2-1/2

[Event "PNWCC Artist Point"]
[Site "Bellevue, WA USA"]
[Date "2024.09.01"]
[Round "7"]
[White "Le Quang Long"]
[Black "Vijayakumar, Advaith"]
[Result "1/2-1/2"]
[WhiteElo "2380"]
[BlackElo "2065"]
[PlyCount "113"]
[GameId "2130307537670307"]
[EventDate "2024.08.29"]
[EventType "tourn"]
[EventRounds "9"]
[EventCountry "USA"]
[EventCategory "1"]
[SourceTitle "The Week in Chess 1558"]
[Source "Mark Crowther"]
[SourceDate "2024.09.16"]
[SourceVersion "1"]
[SourceVersionDate "2024.09.16"]
[SourceQuality "2"]

1. Nf3 Nf6 2. c4 e6 3. g3 d5 4. Bg2 Be7 5. O-O O-O 6. d4 Nbd7 7. Qc2 c6 8. b3 b6 9. Nc3 Ba6 10. Rd1 dxc4 11. e4 Rc8 12. Bf4 Bb4 13. Nd2 c5 14. d5 e5 15. Bg5 h6 16. Bxf6 Nxf6 17. bxc4 Ne8 18. Bf1 Nd6 19. Bd3 Qd7 20. a3 Ba5 21. Rac1 Rb8 22. Ncb1 Bxd2 23. Nxd2 Bc8 24. Qc3 Qe7 25. Re1 Bd7 26. Rb1 Rfc8 27. f4 f6 28. Nf3 Nf7 29. Bf1 a6 30. a4 Qd6 31. Qe3 Re8 32. fxe5 Nxe5 33. Nxe5 Rxe5 34. a5 b5 35. cxb5 axb5 36. a6 Qxa6 37. Qxc5 Qb6 38. Qxb6 Rxb6 39. Bd3 Rd6 40. Bc2 Kf8 41. Bb3 f5 42. exf5 Rxe1+ 43. Rxe1 Bxf5 44. Kf2 Ra6 45. Re3 Ra3 46. Ke2 Kf7 47. Kd2 b4 48. Kc1 Kf6 49. Kb2 Ra5 50. Bc4 Ra3 51. Bb3 Ra5 52. Re8 Rc5 53. Rb8 Ke5 54. Rxb4 Be4 55. d6 Bc6 56. Rb6 Kxd6 57. Ba4 1/2-1/2

[Event "PNWCC Artist Point"]
[Site "Bellevue, WA USA"]
[Date "2024.09.02"]
[Round "8"]
[White "Le Quang Long"]
[Black "Tang, Benjamin"]
[Result "1-0"]
[WhiteElo "2380"]
[BlackElo "2242"]
[PlyCount "89"]
[GameId "2130307537670309"]
[EventDate "2024.08.29"]
[EventType "tourn"]
[EventRounds "9"]
[EventCountry "USA"]
[EventCategory "1"]
[SourceTitle "The Week in Chess 1558"]
[Source "Mark Crowther"]
[SourceDate "2024.09.16"]
[SourceVersion "1"]
[SourceVersionDate "2024.09.16"]
[SourceQuality "2"]

1. Nf3 Nf6 2. c4 g6 3. g3 Bg7 4. Bg2 O-O 5. O-O c5 6. Nc3 Nc6 7. d4 d6 8. h3 cxd4 9. Nxd4 Nxd4 10. Qxd4 Be6 11. Qh4 Rc8 12. b3 Rc5 13. Qf4 b5 14. Ba3 Rf5 15. Qd2 bxc4 16. e4 Re5 17. b4 a5 18. Rab1 Qd7 19. h4 Bh3 20. f4 Bxg2 21. Qxg2 Rh5 22. b5 Ng4 23. Rf3 Bd4+ 24. Kh1 Ne3 25. Rxe3 Bxe3 26. Nd5 Rxd5 27. exd5 c3 28. Kh2 Qf5 29. Re1 Bd2 30. Rxe7 Qb1 31. Rc7 Re8 32. Bxd6 Qxb5 33. Be7 Qd3 34. d6 c2 35. Rxc2 Qxc2 36. d7 Rb8 37. d8=Q+ Rxd8 38. Bxd8 Qc3 39. Qa8 Kg7 40. Be7 Kh6 41. Qd5 f5 42. Bf8+ Kh5 43. Kh3 h6 44. Qd7 Qc1 45. g4+ 1-0

[Event "Titled Tuesday 2024.08.13 Late"]
[Site "chess.com INT"]
[Date "2024.08.13"]
[Round "1"]
[White "Jimenez Salas, Maria Teresa"]
[Black "Le Quang Long"]
[Result "0-1"]
[WhiteElo "1987"]
[BlackElo "2380"]
[PlyCount "112"]
[GameId "2130307540009597"]
[EventDate "2024.08.13"]
[EventType "swiss (blitz)"]
[EventRounds "11"]
[EventCountry "NET"]
[SourceTitle "The Week in Chess 1554"]
[Source "Mark Crowther"]
[SourceDate "2024.08.19"]
[SourceVersion "2"]
[SourceVersionDate "2024.08.19"]
[SourceQuality "2"]

1. e4 c6 2. d4 d5 3. Nc3 a6 4. e5 Bf5 5. f4 e6 6. Nf3 Nd7 7. Be3 Ne7 8. Qd2 Bg4 9. Be2 c5 10. dxc5 Bxf3 11. Bxf3 Nc6 12. O-O-O Nxc5 13. g4 Rc8 14. Kb1 Na5 15. f5 Nc4 16. Qd4 Qb6 17. b3 Nxe3 18. Qxe3 Nd7 19. Qxb6 Nxb6 20. Ne2 Bc5 21. fxe6 fxe6 22. Nd4 O-O 23. Rhf1 Bxd4 24. Rxd4 Nd7 25. Bg2 Rxf1+ 26. Bxf1 Nxe5 27. c4 Nf3 28. Rf4 Nxh2 29. Bg2 dxc4 30. bxc4 b6 31. g5 Rf8 32. Rh4 Nf3 33. Rg4 Ne5 34. Re4 Rf5 35. Bh3 Rxg5 36. Bxe6+ Kf8 37. Bc8 a5 38. Ba6 h5 39. Kc2 Ng4 40. Re1 h4 41. Kb3 h3 42. Bb7 h2 43. Rh1 Rh5 44. Bf3 Rh3 45. Rf1 Ne5 46. Ka4 Rxf3 47. Rh1 Rf2 48. a3 Rb2 49. c5 bxc5 50. Kxa5 c4 51. Ka6 c3 52. a4 c2 53. a5 Rb1 54. Rxh2 c1=Q 55. Ka7 Qc5+ 56. Ka8 Qc8+ 0-1

[Event "Titled Tuesday 2024.08.13 Late"]
[Site "chess.com INT"]
[Date "2024.08.13"]
[Round "2"]
[White "Le Quang Long"]
[Black "Metpally, Jason"]
[Result "1-0"]
[WhiteElo "2380"]
[BlackElo "2167"]
[PlyCount "41"]
[GameId "2130307540013752"]
[EventDate "2024.08.13"]
[EventType "swiss (blitz)"]
[EventRounds "11"]
[EventCountry "NET"]
[SourceTitle "The Week in Chess 1554"]
[Source "Mark Crowther"]
[SourceDate "2024.08.19"]
[SourceVersion "2"]
[SourceVersionDate "2024.08.19"]
[SourceQuality "2"]

1. Nf3 Nf6 2. g3 g6 3. Bg2 Bg7 4. O-O O-O 5. d4 d5 6. c4 c6 7. Qb3 Be6 8. Qxb7 Nbd7 9. cxd5 Bxd5 10. Nc3 Nb6 11. Nxd5 cxd5 12. Bf4 e6 13. Rfc1 Ne4 14. b3 Nd6 15. Qa6 Nf5 16. e3 Bf6 17. Bc7 Qc8 18. Bf1 Qxa6 19. Bxa6 Ne7 20. Rc2 Nec8 21. Bb7 1-0